<?xml version="1.0" encoding="UTF-8"?>
<record
    xmlns:xsi="http://www.w3.org/2001/XMLSchema-instance"
    xsi:schemaLocation="http://www.loc.gov/MARC21/slim http://www.loc.gov/standards/marcxml/schema/MARC21slim.xsd"
    xmlns="http://www.loc.gov/MARC21/slim">

  <leader>03113nam a22002777a 4500</leader>
  <controlfield tag="003">CSPC</controlfield>
  <controlfield tag="005">20251106110612.0</controlfield>
  <controlfield tag="007">ta</controlfield>
  <controlfield tag="008">250206s2021    ph a     mabs 000 0 eng  </controlfield>
  <datafield tag="040" ind1=" " ind2=" ">
    <subfield code="c">CSPC </subfield>
  </datafield>
  <datafield tag="090" ind1=" " ind2=" ">
    <subfield code="a">UTH BSOA B112e 2021</subfield>
  </datafield>
  <datafield tag="100" ind1=" " ind2=" ">
    <subfield code="a">Babay, Juvy V.,</subfield>
    <subfield code="e">author. </subfield>
  </datafield>
  <datafield tag="245" ind1="1" ind2="4">
    <subfield code="a">The effects of Bullying to students of Camarines Sur Polytechnic Colleges Buhi Campus /</subfield>
    <subfield code="c">Juvy V. Babay, Sandy J. Faballa, and Jericho P. Oliveros. </subfield>
  </datafield>
  <datafield tag="264" ind1=" " ind2=" ">
    <subfield code="a">Buhi, Camarines Sur : </subfield>
    <subfield code="b">Camarines Sur Polytechnic Colleges, </subfield>
    <subfield code="c">2021. </subfield>
  </datafield>
  <datafield tag="300" ind1=" " ind2=" ">
    <subfield code="a">xvii, 69 leaves : </subfield>
    <subfield code="b">illustrations ; </subfield>
    <subfield code="c">28 cm. </subfield>
  </datafield>
  <datafield tag="502" ind1=" " ind2=" ">
    <subfield code="a">Undergraduate Thesis (BSOA)- Office Administration. </subfield>
    <subfield code="c">Camarines Sur Polytechnic Colleges, 2021. </subfield>
  </datafield>
  <datafield tag="520" ind1=" " ind2=" ">
    <subfield code="a">The study will be aim to determine the Effect of Bullying to the Students of Camarines Sur Polytechnic Colleges Buhi Campus. The researcher mainly focuses on the Effects of Bullying to the Students of Camarines Sur Polytechnic Colleges Buhi Campus. The research instruments of this study are the survey questionnaire for determining the Effects of bullying to students of Camarines Sur Polytechnic College Buhi Campus. The researcher believed that this study will be beneficial to the Students, Parents, Instructor/Faculty, CSPC Administration, Community, Researcher and Future Researcher. The terms used in this study were operationally and conceptually defined to achieved clarity. Age. twenty-five (25) or (62.50) percent belong to the age group 18-21; fourteen (14) or (35.00) percent belong to the age group 22-25; one or (2.5) percent belong to the age group 26-29; the age of 30 above is zero. Sex. twenty-eight (28) or (70) percent were female and twelve (12) or (30) percent were Male. The weighted mean of all the responses were computed to determine which factors greatly contribute to Effects of Bullying to the Students of Camarines Sur Polytechnic Colleges Buhi Campus. The respondents of Bachelor of Science in Office Administration and Bachelor of Science Information Technology of Camarines Sur Polytechnic Colleges Buhi Campus have varies in the personal profile. The Physical Bullying, Verbal Bullying and Cyber Bullying encountered by the respondents that students and generally strongly affected. It concludes that the Effects of bullying to the students. The Effects of bullying encountered by the respondents that affects the students and generally moderately affected. It concludes that the Effects of bullying to the students. The Effects of bullying encountered by the respondents that affect the students are generally moderately affect. It concludes that students are less impact to bullying. The propose suggestions and recommendations are provided to avoid and cope with the bullying.    </subfield>
  </datafield>
  <datafield tag="700" ind1=" " ind2=" ">
    <subfield code="a">Faballa, Sandy J., </subfield>
    <subfield code="e">author. </subfield>
  </datafield>
  <datafield tag="700" ind1=" " ind2=" ">
    <subfield code="a">Oliveros, Jericho P., </subfield>
    <subfield code="e">author. </subfield>
  </datafield>
  <datafield tag="720" ind1=" " ind2=" ">
    <subfield code="a">Oliveros, Josefin N., </subfield>
    <subfield code="e">adviser. </subfield>
  </datafield>
  <datafield tag="720" ind1=" " ind2=" ">
    <subfield code="a">Infante, Leonisa O., </subfield>
    <subfield code="e">panelist, chair. </subfield>
  </datafield>
  <datafield tag="720" ind1=" " ind2=" ">
    <subfield code="a">Villar, Mariber M., </subfield>
    <subfield code="e">panelist. </subfield>
  </datafield>
  <datafield tag="720" ind1=" " ind2=" ">
    <subfield code="a">Rosal, Jhomer</subfield>
    <subfield code="e">panelist. </subfield>
  </datafield>
  <datafield tag="942" ind1=" " ind2=" ">
    <subfield code="2">ddc</subfield>
    <subfield code="n">0</subfield>
    <subfield code="c">UM</subfield>
    <subfield code="k">UTH</subfield>
    <subfield code="m">2021</subfield>
    <subfield code="h">B112e </subfield>
  </datafield>
  <datafield tag="952" ind1=" " ind2=" ">
    <subfield code="0">0</subfield>
    <subfield code="1">0</subfield>
    <subfield code="2">ddc</subfield>
    <subfield code="4">0</subfield>
    <subfield code="7">0</subfield>
    <subfield code="a">BUHI</subfield>
    <subfield code="b">BUHI</subfield>
    <subfield code="c">UTH</subfield>
    <subfield code="d">2024-09-16</subfield>
    <subfield code="l">0</subfield>
    <subfield code="o">UTH BSOA B112e 2021</subfield>
    <subfield code="p">00125UM-BUH</subfield>
    <subfield code="r">2025-02-06 00:00:00</subfield>
    <subfield code="t">1-1</subfield>
    <subfield code="w">2024-09-16</subfield>
    <subfield code="y">UM</subfield>
  </datafield>
  <datafield tag="999" ind1=" " ind2=" ">
    <subfield code="c">28775</subfield>
    <subfield code="d">28775</subfield>
  </datafield>
</record>
